| 000 | 00603cab a2200193 4500 | ||
|---|---|---|---|
| 001 | ABS41339 | ||
| 008 | 090401t1989 xxu||||| |||| 00| 0 eng d | ||
| 035 | _a(Sirsi) u29628 | ||
| 041 | _aeng | ||
| 100 | _aWebb, C. | ||
| 245 | _aDeveloping with speed and elegance | ||
| 260 | _c1989 | ||
| 350 | _a0 | ||
| 490 |
_aContract Journal _v351(5735) 14 September 1989, 24-25(2) |
||
| 520 | _aDescribes the design of Royal Life `s new £40m office building at Peterborough , where the fast track method of construction is being used. | ||
| 690 | _aBUILT ENVIRONMENT | ||
| 942 | _n0 | ||
| 948 | _c04/03/1997 | ||
| 999 |
_c19934 _d19934 |
||